000 00920nam a2200253 a 4500
001
003 DO-SdBNP
005 20220120084421.0
007 000000594
008 090331s2007 dr ad 000 0 spa d
040 _aBPMSU
_bspa
_cBPMSU
082 _a351.7293
_bT279t 2007
_222
092 _a351.7293
_bM766t
100 1 _aMontás, Juan Temístocles,
_d1950-
245 1 0 _aTres años de una gestión gubernamental exitosa /
_cJuan Temístocles Montás.
260 _a[Santo Domingo] :
_bSecretaría de Estado de Economía Planificación y Desarrollo,
_c2007.
300 _a92 p. :
_bil., gráfcs. ;
_c21cm.
590 _6Inventariado, 2022/VM
651 4 _aRepública Dominicana
_xAdministración pública
651 4 _aRepública Dominicana
_xPolítica y gobierno
710 2 _aSecretaría de Estado de Economía Planificación y Desarrollo.(República Dominicana)
910 _a VMateo V.
942 _2ddc
_cBK
999 _c8182
_d8182